[Event "Dhaka Chowdhury Memorial op-B 2nd"]
[Site "Dhaka"]
[Date "2022.07.06"]
[Round "6"]
[White "Ahmed, Feroz"]
[Black "Ariful, Amin"]
[Result "1-0"]
[WhiteElo "1976"]
[BlackElo "1868"]
[PlyCount "34"]
[EventDate "2022.07.02"]
[EventType "swiss"]
[EventRounds "9"]
[EventCountry "BAN"]
[SourceTitle "EXT 2023"]
[Source "ChessBase"]
[SourceDate "2022.10.05"]
[SourceVersion "1"]
[SourceVersionDate "2022.10.05"]
[SourceQuality "1"]

1. Nf3 Nf6 2. c4 c5 3. d4 cxd4 4. Nxd4 Nc6 5. Nc3 a6 6. g3 e6 7. Bg2 Be7 8. 0-0 0-0 9. e4 Bc5 10. Nc2 h6 11. Kh1 e5 12. f4 d6 13. f5 Nd4 14. Ne3 Bd7 15. g4 Bc6 16. a3 a5 17. b3 b5 1-0

[Event "Dhaka Chowdhury Memorial op-B 2nd"]
[Site "Dhaka"]
[Date "2022.07.03"]
[Round "2"]
[White "Ariful, Amin"]
[Black "Osman, Goni"]
[Result "1-0"]
[WhiteElo "1868"]
[BlackElo "1707"]
[PlyCount "70"]
[EventDate "2022.07.02"]
[EventType "swiss"]
[EventRounds "9"]
[EventCountry "BAN"]
[SourceTitle "EXT 2023"]
[Source "ChessBase"]
[SourceDate "2022.10.05"]
[SourceVersion "1"]
[SourceVersionDate "2022.10.05"]
[SourceQuality "1"]

1. e4 d5 2. exd5 Nf6 3. Nf3 Nxd5 4. d4 Bg4 5. c3 Nc6 6. Bc4 e6 7. h3 Bh5 8. Bb5 a6 9. Bxc6+ bxc6 10. Qa4 Bd6 11. Qxc6+ Ke7 12. Ne5 Qc8 13. Nc4 Rd8 14. Nxd6 cxd6 15. Qxc8 Rdxc8 16. Na3 Rab8 17. 0-0 h6 18. Re1 Kd7 19. c4 Nb4 20. b3 f5 21. Bd2 g5 22. Bxb4 Rxb4 23. Nc2 Rb7 24. Ne3 f4 25. Nd1 f3 26. g4 Bg6 27. Re3 Rf8 28. Nc3 Rf4 29. Rae1 Bf7 30. Re4 Rf6 31. R4e3 Rf4 32. Ne4 Rb8 33. Kh2 Rf8 34. Kg3 Bg8 35. c5 Kc6 1-0

[Event "Dhaka Marcel op"]
[Site "Dhaka"]
[Date "2022.04.25"]
[Round "7"]
[White "Ariful, Amin"]
[Black "Abdullah Al, Raison"]
[Result "0-1"]
[WhiteElo "1952"]
[BlackElo "1815"]
[PlyCount "56"]
[EventDate "2022.04.19"]
[EventType "swiss"]
[EventRounds "9"]
[EventCountry "BAN"]
[SourceTitle "EXT 2023"]
[Source "ChessBase"]
[SourceDate "2022.10.05"]
[SourceVersion "1"]
[SourceVersionDate "2022.10.05"]
[SourceQuality "1"]

1. e4 c5 2. Nf3 e6 3. c3 Nf6 4. e5 Nd5 5. d4 cxd4 6. cxd4 b6 7. Bd3 Bb7 8. 0-0 d6 9. Nc3 Nxc3 10. bxc3 Qc7 11. Bf4 Nd7 12. Re1 Be7 13. Bg5 Bxg5 14. Nxg5 dxe5 15. Qh5 Nf6 16. Qh3 e4 17. Bb5+ Ke7 18. Qh4 h6 19. Nxe4 Bxe4 20. Rxe4 g5 21. Qh3 Nxe4 22. Qf3 Qxc3 23. Qd1 Qd2 24. Qf3 Qc3 25. Qd1 Rac8 26. g3 Rhd8 27. Rb1 Qxd4 28. Qe2 Nc3 0-1

[Event "Dhaka Walton op"]
[Site "Dhaka"]
[Date "2022.04.08"]
[Round "5"]
[White "Ariful, Amin"]
[Black "Ahmed, Sk Nasir"]
[Result "0-1"]
[WhiteElo "1952"]
[BlackElo "2161"]
[PlyCount "124"]
[EventDate "2022.04.04"]
[EventType "swiss"]
[EventRounds "9"]
[EventCountry "BAN"]
[SourceTitle "CBM 207 Extra"]
[Source "ChessBase"]
[SourceDate "2022.05.31"]
[SourceVersion "1"]
[SourceVersionDate "2022.05.31"]
[SourceQuality "1"]

1. e4 c5 2. Nf3 d6 3. Bb5+ Nd7 4. 0-0 a6 5. Bc4 e6 6. c3 b5 7. Bb3 Ngf6 8. Re1 c4 9. Bc2 Be7 10. b3 Qc7 11. d4 cxd3 12. Bxd3 0-0 13. Bb2 Bb7 14. Nbd2 Rac8 15. Rc1 Qb8 16. Bb1 Rfe8 17. c4 b4 18. e5 dxe5 19. Nxe5 Nxe5 20. Bxe5 Qa8 21. Bxf6 Bxf6 22. Ne4 Bb2 23. Ng5 Bxc1 24. Bxh7+ Kf8 25. Qxc1 Qb8 26. Qe3 Qd6 27. Be4 Bxe4 28. Nxe4 Qe5 29. f4 Qc7 30. Qg3 Rcd8 31. Qh4 f6 32. c5 Rd5 33. Kh1 Kg8 34. f5 Re5 35. Qg3 Kf8 36. fxe6 R8xe6 37. Rf1 Qf7 38. Nd6 Qh5 39. Nc4 Rxc5 40. Qb8+ Qe8 41. Qxb4 Qe7 42. h3 Rc8 43. Qa5 Qc5 44. Qd2 Rce8 45. Qc3 Kg8 46. Qd2 Re2 47. Qd7 Qe7 48. Qd5+ Qe6 49. Qb7 Rxa2 50. Rd1 Qe4 51. Nd6 Qxb7 52. Nxb7 Ree2 53. Rg1 Reb2 54. Nc5 Rc2 55. b4 a5 56. Na6 a4 57. b5 Rcb2 58. Nc7 a3 59. Nd5 Rd2 60. Nc3 Rab2 61. Kh2 a2 62. h4 Rxg2+ 0-1

[Event "Dhaka Walton op"]
[Site "Dhaka"]
[Date "2022.04.07"]
[Round "4"]
[White "Chowdhury, Shamsul Kabir"]
[Black "Ariful, Amin"]
[Result "0-1"]
[WhiteElo "1720"]
[BlackElo "1952"]
[PlyCount "36"]
[EventDate "2022.04.04"]
[EventType "swiss"]
[EventRounds "9"]
[EventCountry "BAN"]
[SourceTitle "CBM 207 Extra"]
[Source "ChessBase"]
[SourceDate "2022.05.31"]
[SourceVersion "1"]
[SourceVersionDate "2022.05.31"]
[SourceQuality "1"]

1. d4 d5 2. c4 e6 3. Nc3 c5 4. e3 Nf6 5. Nf3 Nc6 6. Be2 Bd6 7. 0-0 0-0 8. a3 a6 9. dxc5 Bxc5 10. b4 Bd6 11. c5 Bc7 12. Bb2 e5 13. Qc2 e4 14. Nd4 Ne5 15. f3 exf3 16. Nxf3 Nfg4 17. Nxe5 Nxe3 18. Qd3 Nxf1 0-1

[Event "BAN-chT 1st League"]
[Site "Dhaka"]
[Date "2022.03.17"]
[Round "8.1"]
[White "Choudhury, Zahid"]
[Black "Ariful, Amin"]
[Result "1-0"]
[WhiteElo "1963"]
[BlackElo "1961"]
[PlyCount "65"]
[EventDate "2022.03.10"]
[EventType "team-tourn"]
[EventRounds "11"]
[EventCountry "BAN"]
[SourceTitle "EXT 2023"]
[Source "ChessBase"]
[SourceDate "2022.10.05"]
[SourceVersion "1"]
[SourceVersionDate "2022.10.05"]
[SourceQuality "1"]
[WhiteTeam "Basir Memorial"]
[BlackTeam "Khelaghor Daba Sangah"]
[WhiteTeamCountry "BAN"]
[BlackTeamCountry "BAN"]

1. e4 e6 2. d4 b6 3. Nc3 Bb7 4. Nf3 Bb4 5. Bd3 Nf6 6. Qe2 d5 7. e5 Ne4 8. Bd2 Nxd2 9. Qxd2 0-0 10. a3 Be7 11. Ne2 c5 12. c3 Nc6 13. b4 c4 14. Bc2 b5 15. 0-0 f6 16. exf6 Rxf6 17. Qe3 Bd6 18. Ng5 Rh6 19. Bxh7+ Kh8 20. h3 Qf6 21. Bc2 e5 22. dxe5 Nxe5 23. f4 Nf7 24. Nd4 a6 25. a4 bxa4 26. Rxa4 Rf8 27. Raa1 Bxf4 28. Qxf4 Nxg5 29. Qxg5 Qd6 30. Rxf8+ Qxf8 31. Rf1 Qd6 32. Qf5 Qf6 33. Qd7 1-0

[Event "BAN-chB 46th"]
[Site "Dhaka"]
[Date "2021.12.22"]
[Round "8"]
[White "Saiful Islam, Chowdhury"]
[Black "Ariful, Amin"]
[Result "1/2-1/2"]
[WhiteElo "2111"]
[BlackElo "1968"]
[PlyCount "46"]
[EventDate "2021.12.15"]
[EventType "swiss"]
[EventRounds "9"]
[EventCountry "BAN"]
[SourceTitle "CBM 206 Extra"]
[Source "ChessBase"]
[SourceDate "2022.03.31"]
[SourceVersion "1"]
[SourceVersionDate "2022.03.31"]
[SourceQuality "1"]

1. e4 e6 2. d4 b6 3. c4 Bb7 4. Nc3 Bb4 5. Bd3 f5 6. Qe2 Nf6 7. Bg5 fxe4 8. Bxe4 Bxe4 9. Bxf6 Qxf6 10. Qxe4 Nc6 11. Nf3 0-0 12. 0-0 Bxc3 13. bxc3 Qf5 14. Rfe1 Qxe4 15. Rxe4 Rf5 16. Rf1 Ra5 17. d5 Nd8 18. dxe6 Nxe6 19. Re2 Nc5 20. Nd4 Ra4 21. Nb3 d6 22. Nxc5 bxc5 23. Re7 Rc8 1/2-1/2

[Event "BAN-chB 46th"]
[Site "Dhaka"]
[Date "2021.12.21"]
[Round "7"]
[White "Ariful, Amin"]
[Black "Noshin, Anjum"]
[Result "0-1"]
[WhiteElo "1968"]
[BlackElo "2045"]
[PlyCount "132"]
[EventDate "2021.12.15"]
[EventType "swiss"]
[EventRounds "9"]
[EventCountry "BAN"]
[SourceTitle "CBM 206 Extra"]
[Source "ChessBase"]
[SourceDate "2022.03.31"]
[SourceVersion "1"]
[SourceVersionDate "2022.03.31"]
[SourceQuality "1"]

1. e4 e5 2. Nf3 Nc6 3. Bc4 Bc5 4. 0-0 Nf6 5. d3 0-0 6. c3 d6 7. h3 a6 8. Bg5 Ba7 9. Qd2 Be6 10. Bb3 Qe7 11. Na3 Bxb3 12. axb3 Qe6 13. Bxf6 Qxf6 14. Nc4 Rfe8 15. Ne3 Ne7 16. Ng4 Qe6 17. b4 Ng6 18. Kh2 c6 19. Qg5 f6 20. Qd2 d5 21. Rad1 Rad8 22. exd5 cxd5 23. Ng1 d4 24. f3 dxc3 25. bxc3 Nf4 26. d4 exd4 27. Rfe1 Qd6 28. Rxe8+ Rxe8 29. g3 Ng6 30. cxd4 Rd8 31. Ne2 h5 32. Nf2 h4 33. Ne4 hxg3+ 34. N2xg3 Qd5 35. Qd3 Nf4 36. Qc3 Bxd4 37. Qc7 Bb6 38. Qxd8+ Bxd8 39. Rxd5 Nxd5 40. Nc5 Nxb4 41. Nxb7 Bc7 42. Kg2 Nd3 43. Ne4 a5 44. Nbc5 Nxc5 45. Nxc5 Bd6 46. Na4 Kf7 47. Kf2 Ke6 48. Ke3 Kd5 49. Kd3 Bb4 50. Nb6+ Kc6 51. Nc4 Kb5 52. Ne3 a4 53. h4 a3 54. Kc2 Bf8 55. h5 Kc5 56. Ng4 Kd4 57. h6 gxh6 58. Nxf6 Ke3 59. Nd7 Bg7 60. Kb3 Bb2 61. Kc2 Kxf3 62. Nc5 h5 63. Kd2 a2 64. Nb3 a1Q 65. Nxa1 Bxa1 66. Ke1 Kg2 0-1

[Event "BAN-chB 46th"]
[Site "Dhaka"]
[Date "2021.12.16"]
[Round "2"]
[White "Zia, Tahsin Tajwar"]
[Black "Ariful, Amin"]
[Result "1-0"]
[WhiteElo "2232"]
[BlackElo "1968"]
[PlyCount "105"]
[EventDate "2021.12.15"]
[EventType "swiss"]
[EventRounds "9"]
[EventCountry "BAN"]
[SourceTitle "CBM 206 Extra"]
[Source "ChessBase"]
[SourceDate "2022.03.31"]
[SourceVersion "1"]
[SourceVersionDate "2022.03.31"]
[SourceQuality "1"]

1. d4 d5 2. c4 e6 3. Nf3 Nf6 4. g3 c5 5. cxd5 exd5 6. Bg2 Nc6 7. 0-0 Be7 8. dxc5 Bxc5 9. a3 0-0 10. b4 Bd6 11. Nc3 Be6 12. Nb5 Be7 13. Nbd4 Qd7 14. Bb2 Bh3 15. Nxc6 bxc6 16. Ne5 Qe6 17. Nxc6 Bxg2 18. Nxe7+ Qxe7 19. Kxg2 Rad8 20. e3 Rd6 21. Qd4 Re6 22. Rfd1 Qb7 23. Kg1 Rd8 24. Rac1 h6 25. Qc5 Ne4 26. Qc7 Qa8 27. h4 Rg6 28. Bd4 Nd6 29. Qxa7 Qxa7 30. Bxa7 Nb5 31. Bc5 Nxa3 32. e4 d4 33. Rxd4 Rxd4 34. Bxd4 Rd6 35. Be3 Rd3 36. Rc8+ Kh7 37. Rc7 Kg8 38. e5 Rb3 39. Rc8+ Kh7 40. Bc5 Nc4 41. Bd6 Nb6 42. Rf8 Nc4 43. Rxf7 Nxd6 44. exd6 Rxb4 45. d7 Rd4 46. h5 Rd5 47. Re7 Rd1+ 48. Kg2 Rd3 49. Kf1 Rd5 50. Ke2 Rd6 51. Ke3 Rd5 52. Ke4 Rxh5 53. d8Q 1-0

[Event "BAN Games 9th"]
[Site "Dhaka"]
[Date "2021.04.08"]
[Round "5.3"]
[White "Jabed, Al Azad"]
[Black "Ariful, Amin"]
[Result "1-0"]
[WhiteElo "1983"]
[BlackElo "1946"]
[PlyCount "46"]
[EventDate "2021.04.04"]
[EventType "team-swiss"]
[EventRounds "5"]
[EventCountry "BAN"]
[SourceTitle "CBM 202 Extra"]
[Source "ChessBase"]
[SourceDate "2021.07.31"]
[SourceVersion "1"]
[SourceVersionDate "2021.07.31"]
[SourceQuality "1"]
[WhiteTeam "Titas CC"]
[BlackTeam "Khulna Division"]
[WhiteTeamCountry "BAN"]
[BlackTeamCountry "BAN"]

1. e4 e6 2. d4 d5 3. Nc3 Nf6 4. e5 Nfd7 5. f4 c5 6. Nf3 Nc6 7. Be3 cxd4 8. Nxd4 a6 9. Qg4 g5 10. Qh5 Nxd4 11. Bxd4 gxf4 12. 0-0-0 Nb8 13. Be2 Nc6 14. Rhf1 Nxd4 15. Rxd4 Bc5 16. Rfxf4 Qe7 17. Rd3 Rf8 18. Rdf3 Bd7 19. h4 Bc6 20. Bd3 Bb4 21. Ne2 d4 22. Rg3 Be1 23. Rg7 Qxh4 1-0

[Event "BAN Games Blitz 9th"]
[Site "Dhaka"]
[Date "2021.04.03"]
[Round "1.2"]
[White "Rahman, Ziaur"]
[Black "Ariful, Amin"]
[Result "1/2-1/2"]
[WhiteElo "2432"]
[BlackElo "1946"]
[PlyCount "142"]
[EventDate "2021.04.03"]
[EventType "swiss (blitz)"]
[EventRounds "9"]
[EventCountry "BAN"]
[SourceTitle "CBM 201 Extra"]
[Source "ChessBase"]
[SourceDate "2021.05.31"]
[SourceVersion "1"]
[SourceVersionDate "2021.05.31"]
[SourceQuality "1"]

1. Nf3 Nf6 2. g3 d5 3. Bg2 c6 4. 0-0 Bg4 5. d4 Nbd7 6. c4 e6 7. h3 Bxf3 8. Bxf3 Bd6 9. Qb3 Qb6 10. c5 Qxb3 11. axb3 Bc7 12. b4 a6 13. Nc3 0-0 14. Bg2 e5 15. e3 Rfe8 16. Ne2 Rad8 17. b3 Ne4 18. Rd1 Nef6 19. Bb2 e4 20. Rdc1 h6 21. Bc3 Nh7 22. Bd2 f5 23. h4 Ndf6 24. Bh3 Ng4 25. Nf4 Bxf4 26. gxf4 Nhf6 27. b5 cxb5 28. c6 bxc6 29. Rxc6 Rc8 30. Raxa6 Rxc6 31. Rxc6 Ra8 32. Rc2 Ra1+ 33. Kg2 Rb1 34. b4 Nd7 35. Bxg4 fxg4 36. Rc7 Nb6 37. Rc2 Nc4 38. Bc3 Rd1 39. h5 Rb1 40. Kg3 Rg1+ 41. Kh2 Rb1 42. f5 Kf7 43. Kg3 Rg1+ 44. Kf4 Kf6 45. Ra2 g3 46. Ra6+ Kf7 47. fxg3 Rf1+ 48. Kg4 Nxe3+ 49. Kh3 Nxf5 50. Ra2 Rf3 51. Be1 Re3 52. Bf2 Rb3 53. Kg4 Nd6 54. Be1 Rd3 55. Kf4 Rxd4 56. Ke5 Rd1 57. Kxd6 Rxe1 58. Kxd5 e3 59. Ke4 e2 60. Ke3 Rb1 61. Kxe2 Rxb4 62. Kf3 Kf6 63. Ra6+ Kf5 64. Ra7 Rb3+ 65. Kg2 Kg5 66. Rxg7+ Kxh5 67. Kh3 Rc3 68. Rb7 Rc5 69. Rg7 Rc3 70. Rb7 Rc5 71. Rg7 Rc3 1/2-1/2

[Event "Dhaka Bangabandhu op-B"]
[Site "Dhaka"]
[Date "2021.03.16"]
[Round "8"]
[White "Ariful, Amin"]
[Black "Mohammad, Hasan Mia"]
[Result "1-0"]
[WhiteElo "1942"]
[BlackElo "1736"]
[PlyCount "75"]
[EventDate "2021.03.09"]
[EventType "swiss"]
[EventRounds "9"]
[EventCountry "BAN"]
[SourceTitle "CBM 201 Extra"]
[Source "ChessBase"]
[SourceDate "2021.05.31"]
[SourceVersion "1"]
[SourceVersionDate "2021.05.31"]
[SourceQuality "1"]

1. e4 c6 2. Nf3 d5 3. exd5 cxd5 4. d4 Nc6 5. Bd3 Bg4 6. c3 e6 7. 0-0 Nf6 8. h3 Bh5 9. Bg5 Be7 10. Nbd2 0-0 11. Rc1 Re8 12. Re1 Rc8 13. Qb3 Na5 14. Qc2 h6 15. Bxf6 Bxf6 16. g4 Bg6 17. Bxg6 fxg6 18. Qxg6 Qd7 19. Nb3 Nc4 20. Nc5 Qf7 21. Qxf7+ Kxf7 22. b3 Nd6 23. Nd7 Nb5 24. Nfe5+ Bxe5 25. Nxe5+ Ke7 26. Nd3 Kd6 27. Nc5 b6 28. Na4 Rc6 29. Red1 Rf8 30. Rd3 Rf4 31. Re1 Rc8 32. Kg2 Rcf8 33. Re2 Kd7 34. Nb2 h5 35. gxh5 R4f5 36. Rg3 R8f7 37. Re5 Nd6 38. f3 1-0

[Event "Dhaka Bangabandhu op-B"]
[Site "Dhaka"]
[Date "2021.03.12"]
[Round "4"]
[White "Ariful, Amin"]
[Black "Md Sajidul, Haque"]
[Result "1-0"]
[WhiteElo "1942"]
[BlackElo "1713"]
[PlyCount "160"]
[EventDate "2021.03.09"]
[EventType "swiss"]
[EventRounds "9"]
[EventCountry "BAN"]
[SourceTitle "CBM 201 Extra"]
[Source "ChessBase"]
[SourceDate "2021.05.31"]
[SourceVersion "1"]
[SourceVersionDate "2021.05.31"]
[SourceQuality "1"]

1. e4 c6 2. Nf3 d5 3. exd5 cxd5 4. d4 Nc6 5. c3 h6 6. Bd3 Nf6 7. 0-0 Bg4 8. h3 Bxf3 9. Qxf3 e6 10. b4 Be7 11. Qg3 Qd7 12. a4 0-0-0 13. a5 g5 14. Nd2 Nh5 15. Qf3 Nf4 16. Nb3 e5 17. Bxf4 e4 18. Qh5 gxf4 19. Bc2 Rhg8 20. b5 Nb8 21. Nc5 Bxc5 22. dxc5 Rg5 23. Qxh6 Rdg8 24. g4 Rxg4+ 25. Kh1 R4g6 26. Qh4 f5 27. a6 bxa6 28. c6 Qg7 29. Qxf4 Qh7 30. Qxf5+ Kc7 31. Qe5+ Rd6 32. Kh2 Rh8 33. Qg3 Qe7 34. Bd1 Re8 35. Bg4 Qe5 36. Rfb1 Rf6 37. Qxe5+ Rxe5 38. bxa6 Rxf2+ 39. Kg1 Rf8 40. Rb7+ Kxc6 41. Rxa7 e3 42. Ra8 e2 43. Re1 Rfe8 44. a7 Na6 45. Rxe8 Rxe8 46. Rxe2 Ra8 47. Re6+ Kb7 48. c4 Kxa7 49. cxd5 Rd8 50. d6 Nc5 51. Re7+ Kb6 52. d7 Kc7 53. Kg2 Nxd7 54. Kg3 Kd6 55. Re1 Ne5 56. Kh4 Rh8+ 57. Kg3 Rg8 58. Ra1 Ke7 59. Kf4 Ng6+ 60. Kg5 Nh8+ 61. Kh6 Nf7+ 62. Kh7 Rb8 63. Kg7 Ng5 64. Re1+ Kd6 65. h4 Rb7+ 66. Kg6 Nf7 67. Kf6 Nh6 68. Be6 Rb4 69. Rd1+ Kc7 70. Kg5 Rb6 71. Re1 Rb4 72. h5 Kd8 73. Kxh6 Ke8 74. Bf5+ Kf8 75. Bg6 Rb8 76. Rc1 Kg8 77. Rc7 Rd8 78. Rg7+ Kf8 79. Rh7 Rd5 80. Rh8+ Ke7 1-0

[Event "Dhaka Bangabandhu op-B"]
[Site "Dhaka"]
[Date "2021.03.11"]
[Round "3"]
[White "Mortuza Mahathir, Islam"]
[Black "Ariful, Amin"]
[Result "1-0"]
[WhiteElo "1776"]
[BlackElo "1942"]
[PlyCount "97"]
[EventDate "2021.03.09"]
[EventType "swiss"]
[EventRounds "9"]
[EventCountry "BAN"]
[SourceTitle "CBM 201 Extra"]
[Source "ChessBase"]
[SourceDate "2021.05.31"]
[SourceVersion "1"]
[SourceVersionDate "2021.05.31"]
[SourceQuality "1"]

1. e4 e6 2. d4 d5 3. Nd2 Nf6 4. e5 Nfd7 5. Ngf3 c5 6. c3 Nc6 7. Bd3 Qb6 8. 0-0 Be7 9. Re1 Qc7 10. Nf1 c4 11. Bc2 b5 12. a3 a5 13. Ng3 Bb7 14. Bf4 a4 15. Ng5 g6 16. Qf3 Nd8 17. Bd2 Nf8 18. Nf1 h6 19. Nh3 Nc6 20. Ne3 h5 21. Rad1 Na5 22. Nf1 Nb3 23. Be3 Nh7 24. Bh6 Bf8 25. Bxf8 Rxf8 26. Nf4 0-0-0 27. Nxh5 Ng5 28. Qg3 gxh5 29. Qxg5 Rh8 30. Re3 Rdg8 31. Qf6 Bc6 32. Rf3 Be8 33. Rg3 Qd8 34. Rxg8 Rxg8 35. Qxd8+ Kxd8 36. Ng3 h4 37. Nh5 Ke7 38. Nf6 Rg7 39. g3 hxg3 40. fxg3 Bc6 41. Kg2 Kf8 42. h4 Na5 43. h5 Rg5 44. h6 Bb7 45. Rh1 Rg8 46. Nxg8 Kxg8 47. h7+ Kh8 48. Rh6 f5 49. exf6 1-0

[Event "Dhaka Bangabandhu op-B"]
[Site "Dhaka"]
[Date "2021.03.10"]
[Round "2"]
[White "Ariful, Amin"]
[Black "Islam, MM Zahirul"]
[Result "1-0"]
[WhiteElo "1942"]
[BlackElo "1770"]
[PlyCount "91"]
[EventDate "2021.03.09"]
[EventType "swiss"]
[EventRounds "9"]
[EventCountry "BAN"]
[SourceTitle "CBM 201 Extra"]
[Source "ChessBase"]
[SourceDate "2021.05.31"]
[SourceVersion "1"]
[SourceVersionDate "2021.05.31"]
[SourceQuality "1"]

1. e4 e6 2. d4 d5 3. exd5 exd5 4. Nf3 Bf5 5. Bd3 Bxd3 6. Qxd3 c6 7. 0-0 Nf6 8. Bg5 Be7 9. Bxf6 Bxf6 10. Re1+ Kf8 11. Nbd2 Nd7 12. Re2 g6 13. Rae1 Kg7 14. Ne5 Bxe5 15. dxe5 Re8 16. c4 Nc5 17. Qf3 Ne6 18. Qe3 Qg5 19. Qxg5 Nxg5 20. cxd5 cxd5 21. f4 Ne6 22. g3 Nd4 23. Rf2 Rac8 24. Nb3 Nc2 25. Rd1 Red8 26. Rdd2 Ne3 27. Rfe2 Nf5 28. g4 Nh4 29. Kf2 h6 30. Kg3 g5 31. f5 Rc4 32. Rd4 Rxd4 33. Nxd4 Rc8 34. e6 fxe6 35. Nxe6+ Kf6 36. Nd4 Rc4 37. Re6+ Kf7 38. Nb5 Rf4 39. Nd6+ Kg7 40. h3 Rf3+ 41. Kh2 Rf2+ 42. Kg1 Rxb2 43. f6+ Kg6 44. f7+ Kg7 45. Re8 Ng6 46. Rg8+ 1-0

[Event "BAN-chT2 Borsho 2nd"]
[Site "Bangladesh"]
[Date "2021.01.23"]
[Round "4.2"]
[White "Kazi, Abdur Rahim"]
[Black "Ariful, Amin"]
[Result "0-1"]
[WhiteElo "2087"]
[BlackElo "1914"]
[PlyCount "64"]
[EventDate "2021.01.20"]
[EventType "team-tourn"]
[EventRounds "9"]
[EventCountry "BAN"]
[SourceTitle "CBM 200 Extra"]
[Source "ChessBase"]
[SourceDate "2021.03.31"]
[SourceVersion "1"]
[SourceVersionDate "2021.03.31"]
[SourceQuality "1"]
[WhiteTeam "Crescent Club"]
[BlackTeam "Grassroot Sports Academy"]
[WhiteTeamCountry "BAN"]
[BlackTeamCountry "BAN"]

1. e4 e6 2. d4 d5 3. e5 c5 4. c3 Nc6 5. Nf3 Qb6 6. b3 cxd4 7. c4 dxc4 8. Bxc4 Nxe5 9. 0-0 Nxf3+ 10. Qxf3 Nf6 11. Na3 Bd7 12. Bb2 Bc6 13. Qd3 Rd8 14. Qh3 Be7 15. Bd3 Qa5 16. Nc4 Qh5 17. Qg3 Qg4 18. Ne5 Qxg3 19. hxg3 0-0 20. Rac1 Be4 21. Rfe1 Bxd3 22. Nxd3 Rd7 23. Ne5 Rd5 24. Rc4 Rfd8 25. Nd3 Ne8 26. Nf4 R5d7 27. Nd3 Bf6 28. Nc5 Rc7 29. Ne4 Rxc4 30. bxc4 d3 31. Bxf6 Nxf6 32. Nd2 Kf8 0-1

[Event "BAN-chB 44th"]
[Site "Dhaka"]
[Date "2018.11.18"]
[Round "7"]
[White "Ariful, Amin"]
[Black "Shasultan, Sabbir Rumon"]
[Result "1-0"]
[WhiteElo "1877"]
[BlackElo "1714"]
[PlyCount "61"]
[EventDate "2018.11.13"]
[EventType "swiss"]
[EventRounds "9"]
[EventCountry "BAN"]
[SourceTitle "CBM 187 Extra"]
[Source "ChessBase"]
[SourceDate "2018.11.04"]
[SourceVersion "1"]
[SourceVersionDate "2018.11.04"]
[SourceQuality "1"]

1. e4 e6 2. d4 d5 3. e5 c5 4. c3 Nc6 5. Nf3 Be7 6. Bd3 c4 7. Bc2 Qc7 8. 0-0 Bd7 9. Bg5 h6 10. Be3 Qd8 11. Qd2 Qc7 12. Ne1 0-0-0 13. b3 Na5 14. b4 Nc6 15. a4 b6 16. Na3 a6 17. b5 Nb8 18. bxa6 Nxa6 19. Nb5 Qb7 20. f4 f5 21. Nf3 Nb8 22. Rfb1 Qa6 23. a5 Bxb5 24. axb6 Qxb6 25. Ba4 Qc7 26. Rxb5 Nc6 27. Rab1 Qa7 28. Qc2 Rd7 29. Rb6 Na5 30. Bxd7+ Kxd7 31. Qa4+ 1-0

[Event "BAN-chB 44th"]
[Site "Dhaka"]
[Date "2018.11.17"]
[Round "6"]
[White "Md, Sariatullah"]
[Black "Ariful, Amin"]
[Result "1-0"]
[WhiteElo "2027"]
[BlackElo "1877"]
[PlyCount "71"]
[EventDate "2018.11.13"]
[EventType "swiss"]
[EventRounds "9"]
[EventCountry "BAN"]
[SourceTitle "CBM 187 Extra"]
[Source "ChessBase"]
[SourceDate "2018.11.04"]
[SourceVersion "1"]
[SourceVersionDate "2018.11.04"]
[SourceQuality "1"]

1. e4 e6 2. Nf3 c5 3. d4 cxd4 4. Nxd4 Nc6 5. Nf3 Nf6 6. Bd3 d5 7. exd5 Nxd5 8. a3 Bd6 9. 0-0 h6 10. c4 Nf6 11. Nc3 0-0 12. Qe2 a6 13. b4 Qc7 14. Bb2 Ng4 15. h3 Nge5 16. c5 Nxf3+ 17. Qxf3 Bh2+ 18. Kh1 Ne5 19. Qe2 Nxd3 20. Qxd3 Be5 21. Rfd1 Bf6 22. Qd6 Qb8 23. Na4 Bxb2 24. Nxb2 Qxd6 25. Rxd6 e5 26. Nc4 Re8 27. Rb6 f6 28. Rd1 Rb8 29. c6 Be6 30. c7 Ra8 31. Rxe6 Rxe6 32. Rd8+ Re8 33. Rxe8+ Rxe8 34. Nd6 Ra8 35. c8Q+ Rxc8 36. Nxc8 1-0

[Event "Dhaka IRT U2000"]
[Site "Dhaka"]
[Date "2018.02.19"]
[Round "6"]
[White "Sabbir, Shah"]
[Black "Ariful, Amin"]
[Result "0-1"]
[WhiteElo "1763"]
[BlackElo "1870"]
[PlyCount "84"]
[EventDate "2018.02.14"]
[EventType "swiss"]
[EventRounds "9"]
[EventCountry "BAN"]
[SourceTitle "EXT 2024"]
[Source "ChessBase"]
[SourceDate "2023.10.10"]
[SourceVersion "1"]
[SourceVersionDate "2023.10.10"]
[SourceQuality "1"]

1. d4 Nf6 2. Nf3 d5 3. Bf4 Bf5 4. e3 e6 5. Bd3 Bxd3 6. Qxd3 c6 7. 0-0 Nbd7 8. c4 Be7 9. h3 0-0 10. a3 c5 11. Nc3 a6 12. cxd5 exd5 13. dxc5 Nxc5 14. Qe2 Nfe4 15. Be5 Nxc3 16. Bxc3 Ne4 17. Bd4 Bf6 18. Rac1 Bxd4 19. Nxd4 Rc8 20. Qd3 Qf6 21. Qe2 g6 22. b4 b5 23. Nf3 Rc4 24. Qd3 Rd8 25. Rxc4 bxc4 26. Qd4 Qxd4 27. Nxd4 Rc8 28. Rc1 Kf8 29. Rc2 Ke7 30. f3 Nd6 31. Kf2 Nb5 32. Nxb5 axb5 33. Ke2 Rd8 34. Rd2 Ke6 35. f4 Ra8 36. Ra2 d4 37. e4 f5 38. Kf3 Rc8 39. a4 c3 40. axb5 c2 41. Ra6+ Kd7 42. e5 c1Q 0-1

[Event "Dhaka IRT U2000"]
[Site "Dhaka"]
[Date "2018.02.18"]
[Round "5"]
[White "Ariful, Amin"]
[Black "Zahidul, Islam Khan"]
[Result "1/2-1/2"]
[WhiteElo "1870"]
[BlackElo "1711"]
[PlyCount "108"]
[EventDate "2018.02.14"]
[EventType "swiss"]
[EventRounds "9"]
[EventCountry "BAN"]
[SourceTitle "EXT 2024"]
[Source "ChessBase"]
[SourceDate "2023.10.10"]
[SourceVersion "1"]
[SourceVersionDate "2023.10.10"]
[SourceQuality "1"]

1. e4 c5 2. Nf3 g6 3. c3 Bg7 4. d4 cxd4 5. cxd4 d5 6. e5 e6 7. Bb5+ Bd7 8. Bxd7+ Qxd7 9. 0-0 Ne7 10. Bd2 Nbc6 11. Nc3 a6 12. Na4 Qd8 13. Nc5 b6 14. Nb7 Qb8 15. Nd6+ Kf8 16. Rc1 Nxd4 17. Nxd4 Bxe5 18. Bh6+ Kg8 19. Nxf7 Kxf7 20. Qf3+ Bf6 21. Bg5 Qe5 22. Bxf6 Qxf6 23. Qe3 Rhc8 24. Nf3 Kg7 25. Qxb6 Rcb8 26. Qd6 Rd8 27. Qe5 Qxe5 28. Nxe5 d4 29. Rc7 Kf6 30. f4 Rac8 31. Rfc1 Rxc7 32. Rxc7 d3 33. Rc1 Kf5 34. Rd1 Ke4 35. Kf2 Nf5 36. g3 Ne3 37. Rd2 h6 38. h3 g5 39. b3 gxf4 40. gxf4 h5 41. a3 Nc2 42. Nxd3 Rxd3 43. Rxc2 Rxb3 44. Rc4+ Kf5 45. Ra4 Rxh3 46. Rxa6 h4 47. a4 Rh2+ 48. Kf3 h3 49. Ra5+ Kf6 50. Kg3 Rh1 51. Rh5 Ra1 52. a5 Ra3+ 53. Kg4 h2 54. Rxh2 Rxa5 1/2-1/2